LEADER 00848nam0-2200289-i-450- 001 990008487300403321 005 20070319142159.0 010 $a88-14-11865-5 035 $a000848730 035 $aFED01000848730 035 $a(Aleph)000848730FED01 035 $a000848730 100 $a20070319d2005----km-y0itay50------ba 101 0 $aita 102 $aIT 105 $ay-------001yy 200 1 $a<>prova penale scientifica$egli strumenti scientifici-tecnici nuovi o controversi e di elevata specializzazione$fOreste Dominioni 210 $aMilano$cGiuffrè$dc2005 215 $a371 p.$d24 cm 700 1$aDominioni,$bOreste$0224894 801 0$aIT$bUNINA$gRICA$2UNIMARC 901 $aBK 912 $a990008487300403321 952 $a5,2-382$b4682$fDSPCP 959 $aDSPCP 996 $aProva penale scientifica$9263181 997 $aUNINA LEADER 01282nam0 2200301 450 001 000036411 005 20140619082734.0 100 $a20140417d2010----km-y0itaa50------ba 101 0 $aita$aeng$afre$ager$aspa$arus 102 $aIT 200 1 $aComprendre$erevue de politique de la culture$f[directeur scientifique: Giuseppe Galasso] 210 $aReggio Emilia$cScripta Maneant$d2010 215 $aVolumi$cill.$d25 cm. 300 $aSul front: Fondée en 1950 par Umberto Campagnolo 327 1 $a2/2010: De l'Union Européenne à l'union des européens. - Nouvelle séries. - 2010. - 311 p. 559 1 $aDe l'Union Européenne à l'union des européens 676 $a054.1$v(22. ed.)$9Seriali generali in francese 702 1$aGalasso,$bGiuseppe 801 0$aIT$bUniversità della Basilicata - B.I.A.$gREICAT$2unimarc 912 $a000036411 996 $aComprendre$9101709 997 $aUNIBAS BAS $aLETTERE CAT $aSTD099$b01$c20140417$lBAS01$h1055 CAT $aMDL$b30$c20140619$lBAS01$h0827 CAT $aMDL$b30$c20140619$lBAS01$h0827 FMT Z30 -1$lBAS01$LBAS01$mBOOK$1BASA1$APolo Storico-Umanistico$2FCAN$BFondo Cantillo$3FC/112276$6112276$5L112276$820140417$f04$FPrestabile Didattica$h2/2010: De l'Union Européenne à l'union des européens LEADER 01160nam0 2200337 450 001 000038582 005 20140924160115.0 010 $a84-7600-044-8 100 $a20140924d1993----km-y0itaa50------ba 101 0 $aspa 102 $aES 200 1 $aEmblemas$fAlciato$gedición y comentario: Santiago Sebastián$gprólogo: Aurora Egido$gtraducción actualizada de los Emblems: Pilar Pedraza 205 $a2. ed 210 $aMadrid$cAkal$d1993 215 $a278 p.$cill.$d24 cm 225 2 $aArte y estetica$v2 410 0$12001$aArte y estetica$v2 606 1 $aEmblemi 676 $a704.946$v(22. ed.)$9Iconografia. Simbolismo e allegoria 700 1$aAlciati,$bAndrea$0241665 702 1$aSebastián ,$bSantiago 702 1$aEgido,$bAurora 702 1$aPedraza,$bPilar 801 0$aIT$bUniversità della Basilicata - B.I.A.$gREICAT$2unimarc 912 $a000038582 996 $aEmblemas$9100939 997 $aUNIBAS BAS $aLETTERE CAT $aEXT016$b01$c20140924$lBAS01$h1601 FMT Z30 -1$lBAS01$LBAS01$mBOOK$1BASA1$APolo Storico-Umanistico$2DSLF$BCollezione DiSLF$3DF/E1687$63397$5F3397$820140924$f04$FPrestabile Didattica